000 00742nam a2200253Ia 4500
003 GCL
008 140319s9999 xx 000 0 ara d
020 _a0074366977
040 _aGCL /
_cGCL
082 0 4 _a815.03
_bع ش
100 1 _aعمر بطيشة
245 1 0 _aشاهد على العصر /
_cعمر بطيشة
250 _aالاولى
260 _aالقاهرة :
_bمكتبة الدار العربية للكتاب ،
_c1994
300 _a255 ص ؛
_c20 سم
490 _a
650 0 4 _aالادب العربى
650 0 4 _aالمناظرات
650 0 4 _aبرامج الاذاعة
650 0 4 _aالمناقشات
650 0 4 _aانيس منصور
650 0 4 _aمحمد عبدالوهاب
942 _2ddc
_cBK
999 _c30257
_d30257